[Event "A.J. Fink Memorial Championship (u2200)"]
[Site "San Francisco, United States"]
[Date "????.??.??"]
[Round "1.6"]
[White "Filler, Zachary"]
[Black "Wang, Jeffrey"]
[Result "1-0"]
[TimeControl "G/45;d5"]
[WhiteElo "1707"]
[BlackElo "1944"]

1. d4 {[%clk 00:45:00]} {[%emt 00:00:01]} Nf6 {[%clk 00:45:00]} {[%emt
00:00:05]} 2. c4 {[%clk 00:45:00]} {[%emt 00:00:02]} g6 {[%clk 00:45:00]}
{[%emt 00:00:06]} 3. Nc3 {[%clk 00:45:00]} {[%emt 00:00:03]} d5 {[%clk
00:45:00]} {[%emt 00:00:03]} 4. cxd5 {[%clk 00:45:00]} {[%emt 00:00:03]} Nxd5
{[%clk 00:45:00]} {[%emt 00:00:04]} 5. e4 {[%clk 00:45:00]} Nxc3 {[%clk
00:44:58]} {[%emt 00:00:08]} 6. bxc3 {[%clk 00:45:00]} {[%emt 00:00:03]} Bg7
{[%clk 00:44:58]} {[%emt 00:00:05]} 7. Nf3 {[%clk 00:45:00]} {[%emt 00:00:03]}
O-O {[%clk 00:44:58]} {[%emt 00:00:06]} 8. Be3 {[%clk 00:45:00]} {[%emt
00:00:04]} c5 {[%clk 00:44:57]} {[%emt 00:00:06]} 9. Rc1 {[%clk 00:44:42]}
{[%emt 00:00:23]} Qa5 {[%clk 00:43:23]} {[%emt 00:01:39]} 10. Qd2 {[%clk
00:44:40]} {[%emt 00:00:07]} Rd8 {[%clk 00:42:07]} {[%emt 00:01:21]} 11. d5
{[%clk 00:44:13]} {[%emt 00:00:31]} Nd7 {[%clk 00:39:25]} {[%emt 00:02:48]} 12.
c4 {[%clk 00:41:51]} {[%emt 00:02:26]} Qa3 {[%clk 00:32:47]} {[%emt 00:06:37]}
13. Bd3 {[%clk 00:40:28]} {[%emt 00:01:34]} Nb6 {[%clk 00:29:47]} {[%emt
00:03:06]} 14. O-O {[%clk 00:40:05]} {[%emt 00:00:28]} Bg4 {[%clk 00:28:05]}
{[%emt 00:01:46]} 15. Rc2 {[%clk 00:38:08]} {[%emt 00:02:02]} Na4 {[%clk
00:25:09]} {[%emt 00:03:03]} 16. Rb1 {[%clk 00:37:36]} {[%emt 00:00:36]} Nb6
{[%clk 00:20:29]} {[%emt 00:04:45]} 17. Rb3 {[%clk 00:36:24]} {[%emt 00:01:17]}
Qa4 {[%clk 00:19:16]} {[%emt 00:01:17]} 18. Bxc5 {[%clk 00:36:03]} {[%emt
00:00:26]} Qd7 {[%clk 00:16:44]} {[%emt 00:02:37]} 19. Bxb6 {[%clk 00:31:13]}
{[%emt 00:04:56]} axb6 {[%clk 00:16:41]} {[%emt 00:00:08]} 20. Rxb6 {[%clk
00:30:10]} {[%emt 00:01:08]} Bxf3 {[%clk 00:15:23]} {[%emt 00:01:23]} 21. gxf3
{[%clk 00:30:10]} {[%emt 00:00:03]} Qh3 {[%clk 00:13:11]} {[%emt 00:02:17]} 22.
Qf4 {[%clk 00:28:22]} {[%emt 00:01:52]} Ra3 {[%clk 00:09:24]} {[%emt 00:03:53]}
23. Bf1 {[%clk 00:26:09]} {[%emt 00:02:18]} Qh5 {[%clk 00:07:41]} {[%emt
00:01:47]} 24. Qg4 {[%clk 00:24:25]} {[%emt 00:01:50]} Qe5 {[%clk 00:05:21]}
{[%emt 00:02:25]} 25. Rxb7 {[%clk 00:23:01]} {[%emt 00:01:29]} Rda8 {[%clk
00:03:46]} {[%emt 00:01:40]} 26. Qg3 {[%clk 00:20:03]} {[%emt 00:03:03]} Qf6
{[%clk 00:02:48]} {[%emt 00:01:03]} 27. Rb8+ {[%clk 00:19:36]} {[%emt
00:00:31]} Rxb8 {[%clk 00:02:48]} {[%emt 00:00:02]} 28. Qxb8+ {[%clk 00:19:36]}
{[%emt 00:00:01]} Bf8 {[%clk 00:02:48]} 29. Be2 {[%clk 00:15:49]} {[%emt
00:03:52]} h5 {[%clk 00:00:43]} {[%emt 00:02:10]} 30. Qg3 {[%clk 00:14:33]}
{[%emt 00:01:21]} Bh6 {[%emt 00:01:03]} 31. e5 {[%emt 00:00:04]} Qf5 32. Rb2
{[%emt 00:00:06]} Bf4 1-0

[Event "A.J. Fink Memorial Championship (u2200)"]
[Site "San Francisco, United States"]
[Date "????.??.??"]
[Round "1.2"]
[White "Mei, Ethan"]
[Black "Fong, Kevin"]
[Result "1/2-1/2"]
[TimeControl "G/45;d5"]
[WhiteFideId "30948517"]
[BlackFideId "30966167"]
[WhiteElo "1769"]
[BlackElo "2060"]

1. e4 {[%clk 00:44:54]} {[%emt 00:00:05]} c5 {[%clk 00:45:00]} {[%emt
00:00:04]} 2. g3 {[%clk 00:44:40]} {[%emt 00:00:18]} Nc6 {[%clk 00:44:49]}
{[%emt 00:00:16]} 3. Bg2 {[%clk 00:44:31]} {[%emt 00:00:15]} g6 {[%clk
00:44:48]} {[%emt 00:00:06]} 4. Ne2 {[%clk 00:44:15]} {[%emt 00:00:20]} Bg7
{[%clk 00:44:45]} {[%emt 00:00:09]} 5. c3 {[%clk 00:43:38]} {[%emt 00:00:42]}
e5 {[%clk 00:44:42]} {[%emt 00:00:08]} 6. d3 {[%clk 00:43:29]} {[%emt
00:00:12]} Nge7 {[%clk 00:44:16]} {[%emt 00:00:33]} 7. Be3 {[%clk 00:42:52]}
{[%emt 00:00:41]} d6 {[%clk 00:44:16]} {[%emt 00:00:05]} 8. d4 {[%clk
00:42:31]} {[%emt 00:00:25]} exd4 {[%clk 00:43:20]} {[%emt 00:01:03]} 9. cxd4
{[%clk 00:42:25]} {[%emt 00:00:10]} Qb6 {[%clk 00:43:18]} {[%emt 00:00:07]} 10.
Qd2 {[%clk 00:39:50]} {[%emt 00:02:40]} Nxd4 {[%clk 00:36:09]} {[%emt
00:07:14]} 11. Bxd4 {[%clk 00:38:13]} {[%emt 00:01:42]} cxd4 {[%clk 00:36:05]}
{[%emt 00:00:09]} 12. Na3 {[%clk 00:37:56]} {[%emt 00:00:21]} Be6 {[%clk
00:32:41]} {[%emt 00:03:29]} 13. Rd1 {[%clk 00:37:17]} {[%emt 00:00:41]} Nc6
{[%clk 00:29:55]} {[%emt 00:02:54]} 14. b3 {[%clk 00:33:46]} {[%emt 00:03:37]}
Rc8 {[%clk 00:25:59]} {[%emt 00:04:00]} 15. Nc2 {[%clk 00:32:42]} {[%emt
00:01:09]} d3 {[%clk 00:20:53]} {[%emt 00:05:12]} 16. Qxd3 {[%clk 00:32:35]}
{[%emt 00:00:11]} Ne5 {[%clk 00:20:53]} {[%emt 00:00:04]} 17. Qd2 {[%clk
00:32:12]} {[%emt 00:00:28]} Bh3 {[%clk 00:20:44]} {[%emt 00:00:15]} 18. O-O
{[%clk 00:31:45]} {[%emt 00:00:31]} O-O {[%clk 00:19:16]} {[%emt 00:01:34]} 19.
Ne3 {[%clk 00:30:58]} {[%emt 00:00:52]} Rcd8 {[%clk 00:17:41]} {[%emt
00:01:40]} 20. Nf4 {[%clk 00:29:42]} {[%emt 00:01:21]} Bxg2 {[%clk 00:17:39]}
{[%emt 00:00:07]} 21. Kxg2 {[%clk 00:24:41]} {[%emt 00:00:11]} Qb5 {[%clk
00:17:36]} {[%emt 00:05:04]} 22. Nd3 {[%clk 00:23:10]} {[%emt 00:01:35]} Rfe8
{[%clk 00:16:36]} {[%emt 00:01:05]} 23. Nxe5 {[%clk 00:22:02]} {[%emt
00:01:13]} Qxe5 {[%clk 00:16:18]} {[%emt 00:00:24]} 24. f3 {[%clk 00:21:35]}
{[%emt 00:00:32]} Bh6 {[%clk 00:15:32]} {[%emt 00:00:51]} 25. Qf2 {[%clk
00:20:48]} {[%emt 00:00:50]} Bxe3 {[%clk 00:13:45]} {[%emt 00:01:54]} 26. Qxe3
{[%clk 00:20:39]} {[%emt 00:00:13]} d5 {[%clk 00:13:40]} {[%emt 00:00:10]} 27.
Rd4 {[%clk 00:18:40]} {[%emt 00:02:04]} Qc7 {[%clk 00:07:30]} {[%emt 00:06:16]}
28. Rfd1 {[%clk 00:16:48]} {[%emt 00:01:57]} dxe4 {[%clk 00:06:08]} {[%emt
00:01:27]} 29. Rxd8 {[%clk 00:14:54]} {[%emt 00:01:58]} exf3+ {[%clk 00:05:31]}
{[%emt 00:00:43]} 30. Qxf3 {[%clk 00:14:53]} {[%emt 00:00:06]} Rxd8 {[%clk
00:05:19]} {[%emt 00:00:17]} 31. Rxd8+ {[%clk 00:14:45]} {[%emt 00:00:11]} Qxd8
{[%clk 00:05:19]} {[%emt 00:00:06]} 32. Qxb7 {[%clk 00:14:45]} {[%emt
00:00:02]} Qd2+ {[%clk 00:05:12]} {[%emt 00:00:13]} 33. Kh3 {[%clk 00:14:39]}
{[%emt 00:00:11]} Qxa2 {[%clk 00:04:51]} {[%emt 00:00:27]} 34. Qb8+ {[%clk
00:14:29]} {[%emt 00:00:14]} Kg7 {[%clk 00:04:51]} {[%emt 00:00:06]} 35. Qe5+
{[%clk 00:14:28]} {[%emt 00:00:05]} Kf8 {[%clk 00:04:37]} {[%emt 00:00:19]} 36.
Qb8+ {[%clk 00:14:15]} {[%emt 00:00:17]} Ke7 {[%clk 00:04:37]} {[%emt
00:00:06]} 37. Qe5+ {[%clk 00:14:15]} Kd8 {[%clk 00:04:09]} {[%emt 00:00:34]}
38. Qd6+ {[%clk 00:14:15]} {[%emt 00:00:04]} Ke8 {[%clk 00:03:58]} {[%emt
00:00:18]} 39. Qe5+ {[%clk 00:14:15]} {[%emt 00:00:03]} Kd7 {[%clk 00:03:57]}
{[%emt 00:00:06]} 40. Qd5+ {[%clk 00:14:15]} {[%emt 00:00:02]} 1/2-1/2

[Event "A.J. Fink Memorial Championship (u2200)"]
[Site "San Francisco, United States"]
[Date "????.??.??"]
[Round "1.9"]
[White "Argo, Guy"]
[Black "Dasovich, Kaelyn"]
[Result "1-0"]
[TimeControl "G/45;d5"]
[WhiteFideId "2045494"]
[BlackFideId "30990149"]
[WhiteElo "1874"]
[BlackElo "1645"]

1. e4 {[%clk 00:45:00]} e5 {[%clk 00:45:00]} {[%emt 00:00:06]} 2. f4 {[%clk
00:45:00]} exf4 {[%clk 00:44:37]} {[%emt 00:00:27]} 3. Bc4 {[%clk 00:45:00]}
{[%emt 00:00:01]} d6 {[%clk 00:44:13]} {[%emt 00:00:30]} 4. d4 {[%clk
00:45:00]} {[%emt 00:00:02]} g5 {[%clk 00:43:57]} {[%emt 00:00:21]} 5. h4
{[%clk 00:45:00]} {[%emt 00:00:02]} Qe7 {[%clk 00:39:41]} {[%emt 00:04:21]} 6.
Nc3 {[%clk 00:44:55]} {[%emt 00:00:11]} Nc6 {[%clk 00:38:34]} {[%emt 00:01:11]}
7. hxg5 {[%clk 00:40:49]} {[%emt 00:04:11]} Qxg5 {[%clk 00:38:09]} {[%emt
00:00:31]} 8. Nf3 {[%clk 00:39:49]} {[%emt 00:01:06]} Qg3+ {[%clk 00:36:12]}
{[%emt 00:02:01]} 9. Kf1 {[%clk 00:39:49]} {[%emt 00:00:01]} Bg4 {[%clk
00:33:35]} {[%emt 00:02:42]} 10. Nd5 {[%clk 00:39:20]} {[%emt 00:00:34]} Bxf3
{[%clk 00:32:04]} {[%emt 00:01:36]} 11. gxf3 {[%clk 00:38:51]} {[%emt
00:00:33]} O-O-O {[%clk 00:27:00]} {[%emt 00:05:09]} 12. Bxf4 {[%clk 00:37:31]}
{[%emt 00:01:25]} Qg7 {[%clk 00:26:23]} {[%emt 00:00:41]} 13. c3 {[%clk
00:36:48]} {[%emt 00:00:49]} Nge7 {[%clk 00:24:47]} {[%emt 00:01:41]} 14. Rg1
{[%clk 00:35:52]} {[%emt 00:01:01]} Ng6 {[%clk 00:24:21]} {[%emt 00:00:31]} 15.
Bg5 {[%clk 00:34:45]} {[%emt 00:01:12]} h5 {[%clk 00:19:32]} {[%emt 00:04:53]}
16. Bf6 {[%clk 00:32:51]} {[%emt 00:01:59]} Qh7 {[%clk 00:19:28]} {[%emt
00:00:09]} 17. Bxd8 {[%clk 00:31:41]} {[%emt 00:01:16]} Nxd8 {[%clk 00:19:18]}
{[%emt 00:00:14]} 18. Qa4 {[%clk 00:31:31]} {[%emt 00:00:16]} c6 {[%clk
00:17:53]} {[%emt 00:01:29]} 19. Nf6 {[%clk 00:26:54]} {[%emt 00:04:42]} Qh6
{[%clk 00:17:02]} {[%emt 00:00:57]} 20. Qxa7 {[%clk 00:20:24]} {[%emt
00:06:35]} Qf4 {[%clk 00:15:05]} {[%emt 00:02:01]} 21. Qa8+ {[%clk 00:20:24]}
{[%emt 00:00:04]} Kc7 {[%clk 00:15:04]} {[%emt 00:00:06]} 22. Qa5+ {[%clk
00:20:21]} {[%emt 00:00:08]} Kc8 {[%clk 00:14:52]} {[%emt 00:00:17]} 23. Qf5+
{[%clk 00:20:06]} {[%emt 00:00:20]} Qxf5 {[%clk 00:14:03]} {[%emt 00:00:53]} 24.
exf5 {[%clk 00:20:06]} {[%emt 00:00:04]} Ne7 {[%clk 00:12:37]} {[%emt
00:01:31]} 25. Bd3 {[%emt 00:02:22]} d5 {[%emt 00:00:59]} 26. Re1 {[%clk
00:15:52]} {[%emt 00:00:58]} b5 {[%clk 00:09:43]} {[%emt 00:02:59]} 27. Rg5
{[%clk 00:14:44]} {[%emt 00:01:13]} h4 {[%clk 00:08:41]} {[%emt 00:01:07]} 28.
Rh5 {[%clk 00:13:53]} {[%emt 00:00:56]} Rh6 {[%clk 00:07:13]} {[%emt 00:01:33]}
29. Rxh6 {[%clk 00:13:01]} {[%emt 00:00:57]} Bxh6 {[%clk 00:07:03]} {[%emt
00:00:15]} 30. Rxe7 {[%clk 00:10:34]} {[%emt 00:02:33]} Bg5 {[%clk 00:07:01]}
{[%emt 00:00:06]} 31. Ng8 {[%clk 00:10:28]} {[%emt 00:00:12]} Bxe7 {[%clk
00:06:44]} {[%emt 00:00:22]} 32. Nxe7+ {[%clk 00:10:21]} {[%emt 00:00:11]} Kd7
{[%clk 00:06:43]} {[%emt 00:00:06]} 33. Ng8 {[%clk 00:08:57]} {[%emt 00:01:28]}
1-0

[Event "A.J. Fink Memorial Championship (u2200)"]
[Site "San Francisco, United States"]
[Date "????.??.??"]
[Round "1.5"]
[White "Hao, Max"]
[Black "Garg, Advik"]
[Result "1-0"]
[TimeControl "G/45;d5"]
[WhiteFideId "30956560"]
[BlackFideId "30986710"]
[WhiteElo "1960"]
[BlackElo "1709"]

1. d4 {[%clk 00:45:00]} {[%emt 00:00:02]} Nf6 {[%clk 00:45:00]} {[%emt
00:00:02]} 2. c4 {[%clk 00:44:58]} {[%emt 00:00:08]} g6 {[%clk 00:45:00]}
{[%emt 00:00:02]} 3. g3 {[%clk 00:44:58]} {[%emt 00:00:04]} Bg7 {[%clk
00:43:58]} {[%emt 00:01:06]} 4. Bg2 {[%clk 00:44:58]} {[%emt 00:00:04]} d5
{[%clk 00:43:42]} {[%emt 00:00:21]} 5. cxd5 {[%clk 00:44:57]} {[%emt 00:00:06]}
Nxd5 {[%clk 00:42:01]} {[%emt 00:01:47]} 6. e4 {[%clk 00:44:50]} {[%emt
00:00:11]} Nb6 {[%clk 00:40:34]} {[%emt 00:01:31]} 7. Ne2 {[%clk 00:44:13]}
{[%emt 00:00:43]} O-O {[%clk 00:35:27]} {[%emt 00:05:12]} 8. O-O {[%clk
00:44:01]} {[%emt 00:00:17]} N8d7 {[%clk 00:29:27]} {[%emt 00:06:05]} 9. f4
{[%clk 00:41:22]} {[%emt 00:02:44]} Nf6 {[%clk 00:23:55]} {[%emt 00:05:37]} 10.
h3 {[%clk 00:39:21]} {[%emt 00:02:06]} Bd7 {[%clk 00:22:10]} {[%emt 00:01:49]}
11. Nbc3 {[%clk 00:39:05]} {[%emt 00:00:22]} Qc8 {[%clk 00:20:04]} {[%emt
00:02:11]} 12. Kh2 {[%clk 00:38:45]} {[%emt 00:00:25]} Rd8 {[%clk 00:17:51]}
{[%emt 00:02:17]} 13. e5 {[%clk 00:33:53]} {[%emt 00:04:58]} Ne8 {[%clk
00:17:14]} {[%emt 00:00:41]} 14. Qb3 {[%clk 00:32:46]} {[%emt 00:01:13]} e6
{[%clk 00:15:58]} {[%emt 00:01:21]} 15. f5 {[%clk 00:23:53]} {[%emt 00:08:59]}
gxf5 {[%clk 00:09:43]} {[%emt 00:06:18]} 16. Bg5 {[%clk 00:23:49]} {[%emt
00:00:10]} f6 {[%clk 00:08:40]} {[%emt 00:01:08]} 17. exf6 {[%clk 00:22:31]}
{[%emt 00:01:24]} Bxf6 {[%clk 00:08:00]} {[%emt 00:00:43]} 18. Bxf6 {[%clk
00:22:03]} {[%emt 00:00:34]} Nxf6 {[%clk 00:08:00]} {[%emt 00:00:01]} 19. Rxf5
{[%clk 00:21:56]} {[%emt 00:00:13]} Rf8 {[%clk 00:05:07]} {[%emt 00:02:59]} 20.
Raf1 {[%clk 00:17:44]} {[%emt 00:04:16]} Kg7 {[%clk 00:04:11]} {[%emt
00:01:02]} 21. R5f4 {[%clk 00:13:48]} {[%emt 00:04:01]} c6 {[%clk 00:02:59]}
{[%emt 00:01:17]} 22. Ne4 {[%clk 00:08:03]} {[%emt 00:05:50]} Nbd5 {[%clk
00:02:14]} {[%emt 00:00:50]} 23. Nxf6 {[%clk 00:05:49]} {[%emt 00:02:18]} Rxf6
{[%clk 00:01:42]} {[%emt 00:00:36]} 24. Bxd5 {[%clk 00:04:36]} {[%emt
00:01:18]} Rxf4 {[%clk 00:01:25]} {[%emt 00:00:22]} 25. Nxf4 {[%clk 00:04:16]}
{[%emt 00:00:25]} exd5 {[%clk 00:01:25]} {[%emt 00:00:03]} 26. Nh5+ {[%clk
00:03:48]} {[%emt 00:00:33]} Kh8 {[%clk 00:01:06]} {[%emt 00:00:24]} 27. Qf3
{[%clk 00:03:14]} {[%emt 00:00:39]} Qd8 {[%clk 00:00:35]} {[%emt 00:00:36]} 28.
Qf7 {[%clk 00:03:05]} {[%emt 00:00:14]} Qg5 {[%clk 00:00:05]} {[%emt 00:00:35]}
29. Qf8+ {[%clk 00:02:52]} {[%emt 00:00:19]} Rxf8 {[%clk 00:00:05]} 30. Rxf8+
{[%clk 00:02:51]} {[%emt 00:00:06]} Qg8 {[%clk 00:00:05]} 31. Rxg8+ {[%clk
00:02:49]} {[%emt 00:00:07]} Kxg8 {[%clk 00:00:05]} 32. Nf6+ {[%clk 00:02:49]}
1-0

[Event "A.J. Fink Memorial Championship (u2200)"]
[Site "San Francisco, United States"]
[Date "????.??.??"]
[Round "1.3"]
[White "Bansal, Advay"]
[Black "Handler, Andrew"]
[Result "1-0"]
[TimeControl "G/45;d5"]
[WhiteFideId "30951151"]
[BlackFideId "30910242"]
[WhiteElo "2041"]
[BlackElo "1750"]

1. e4 {[%clk 00:45:00]} {[%emt 00:00:02]} c5 {[%clk 00:44:56]} {[%emt
00:00:10]} 2. Nf3 {[%clk 00:45:00]} {[%emt 00:00:04]} Nc6 {[%clk 00:44:53]}
{[%emt 00:00:08]} 3. Bb5 {[%clk 00:45:00]} {[%emt 00:00:06]} Nd4 {[%clk
00:44:40]} {[%emt 00:00:18]} 4. Nxd4 {[%clk 00:44:43]} {[%emt 00:00:22]} cxd4
{[%clk 00:44:37]} {[%emt 00:00:07]} 5. O-O {[%clk 00:43:47]} {[%emt 00:01:01]}
e6 {[%clk 00:44:37]} {[%emt 00:00:06]} 6. d3 {[%clk 00:42:23]} {[%emt
00:01:28]} a6 {[%clk 00:44:07]} {[%emt 00:00:35]} 7. Ba4 {[%clk 00:42:03]}
{[%emt 00:00:26]} b5 {[%clk 00:44:05]} {[%emt 00:00:06]} 8. Bb3 {[%clk
00:42:02]} {[%emt 00:00:06]} Bb7 {[%clk 00:44:02]} {[%emt 00:00:09]} 9. Nd2
{[%clk 00:40:26]} {[%emt 00:01:40]} Nf6 {[%clk 00:42:48]} {[%emt 00:01:19]} 10.
Nf3 {[%clk 00:39:58]} {[%emt 00:00:33]} Bc5 {[%clk 00:42:38]} {[%emt 00:00:15]}
11. c3 {[%clk 00:39:41]} {[%emt 00:00:22]} Qb6 {[%clk 00:42:25]} {[%emt
00:00:18]} 12. Qe2 {[%clk 00:39:11]} {[%emt 00:00:33]} d6 {[%clk 00:41:29]}
{[%emt 00:01:03]} 13. cxd4 {[%clk 00:38:28]} {[%emt 00:00:49]} Bxd4 {[%clk
00:41:24]} {[%emt 00:00:09]} 14. Nxd4 {[%clk 00:37:54]} {[%emt 00:00:39]} Qxd4
{[%clk 00:41:22]} {[%emt 00:00:07]} 15. Be3 {[%clk 00:36:06]} {[%emt 00:01:52]}
Qb4 {[%clk 00:38:55]} {[%emt 00:02:33]} 16. Rac1 {[%clk 00:34:24]} {[%emt
00:01:46]} Qa5 {[%clk 00:38:42]} {[%emt 00:00:20]} 17. Bg5 {[%clk 00:28:21]}
{[%emt 00:06:06]} h6 {[%clk 00:35:12]} {[%emt 00:03:36]} 18. Bxf6 {[%clk
00:27:39]} {[%emt 00:00:47]} gxf6 {[%clk 00:35:11]} {[%emt 00:00:06]} 19. d4
{[%clk 00:26:59]} {[%emt 00:00:44]} Ke7 {[%clk 00:34:47]} {[%emt 00:00:29]} 20.
d5 {[%clk 00:26:07]} {[%emt 00:00:58]} Rhg8 {[%clk 00:31:51]} {[%emt 00:03:01]}
21. Kh1 {[%clk 00:25:17]} {[%emt 00:00:54]} Qb6 {[%clk 00:29:14]} {[%emt
00:02:43]} 22. f4 {[%clk 00:24:35]} {[%emt 00:00:47]} b4 {[%clk 00:28:12]}
{[%emt 00:01:07]} 23. dxe6 {[%clk 00:20:25]} {[%emt 00:04:15]} fxe6 {[%clk
00:28:00]} {[%emt 00:00:16]} 24. Qc4 {[%clk 00:20:10]} {[%emt 00:00:20]} Bc8
{[%clk 00:27:02]} {[%emt 00:01:05]} 25. f5 {[%clk 00:18:52]} {[%emt 00:01:22]}
Bd7 {[%clk 00:26:45]} {[%emt 00:00:22]} 26. fxe6 {[%clk 00:17:58]} {[%emt
00:00:58]} Bb5 {[%clk 00:26:34]} {[%emt 00:00:17]} 27. Qc7+ {[%clk 00:16:42]}
{[%emt 00:01:21]} Ke8 {[%clk 00:24:42]} {[%emt 00:01:52]} 1-0

[Event "A.J. Fink Memorial Championship (u2200)"]
[Site "San Francisco, United States"]
[Date "????.??.??"]
[Round "1.1"]
[White "Laitinen, Mika"]
[Black "Su, Alexander"]
[Result "1-0"]
[TimeControl "G/45;d5"]
[WhiteFideId "505587"]
[BlackFideId "30989752"]
[WhiteElo "2116"]
[BlackElo "1829"]

1. e4 {[%clk 00:45:00]} {[%emt 00:00:04]} c6 {[%clk 00:44:57]} {[%emt
00:00:09]} 2. d4 {[%clk 00:45:00]} {[%emt 00:00:05]} d5 {[%clk 00:44:57]}
{[%emt 00:00:04]} 3. e5 {[%clk 00:45:00]} {[%emt 00:00:04]} Bf5 {[%clk
00:44:53]} {[%emt 00:00:09]} 4. Nc3 {[%clk 00:44:59]} {[%emt 00:00:06]} e6
{[%clk 00:44:38]} {[%emt 00:00:19]} 5. g4 {[%clk 00:44:55]} {[%emt 00:00:09]}
Bg6 {[%clk 00:44:01]} {[%emt 00:00:42]} 6. Nge2 {[%clk 00:44:54]} {[%emt
00:00:07]} Nd7 {[%clk 00:41:00]} {[%emt 00:03:06]} 7. h4 {[%clk 00:42:20]}
{[%emt 00:02:38]} h6 {[%clk 00:39:41]} {[%emt 00:01:25]} 8. Nf4 {[%clk
00:40:04]} {[%emt 00:02:21]} Ne7 {[%clk 00:36:54]} {[%emt 00:02:53]} 9. Nxg6
{[%clk 00:36:51]} {[%emt 00:03:17]} Nxg6 {[%clk 00:36:49]} {[%emt 00:00:10]} 10.
h5 {[%clk 00:36:37]} {[%emt 00:00:18]} Ne7 {[%clk 00:36:25]} {[%emt 00:00:30]}
11. Be3 {[%clk 00:35:54]} {[%emt 00:00:48]} Qa5 {[%clk 00:34:58]} {[%emt
00:01:32]} 12. a3 {[%clk 00:32:50]} {[%emt 00:03:09]} c5 {[%clk 00:29:47]}
{[%emt 00:05:16]} 13. dxc5 {[%clk 00:26:35]} {[%emt 00:06:20]} Nxe5 {[%clk
00:28:51]} {[%emt 00:01:01]} 14. b4 {[%clk 00:22:15]} {[%emt 00:04:25]} Qd8
{[%clk 00:25:58]} {[%emt 00:02:58]} 15. f4 {[%clk 00:13:38]} {[%emt 00:08:41]}
Nc4 {[%clk 00:17:33]} {[%emt 00:08:31]} 16. Bf2 {[%clk 00:09:45]} {[%emt
00:03:58]} Nc6 {[%clk 00:14:25]} {[%emt 00:03:13]} 17. Qf3 {[%clk 00:08:11]}
{[%emt 00:01:32]} Qf6 {[%clk 00:12:17]} {[%emt 00:02:20]} 18. Bxc4 {[%clk
00:06:19]} {[%emt 00:01:56]} dxc4 {[%clk 00:11:36]} {[%emt 00:00:47]} 19. Bh4
{[%clk 00:05:28]} {[%emt 00:00:55]} g5 {[%clk 00:07:20]} {[%emt 00:04:21]} 20.
hxg6 {[%clk 00:05:19]} {[%emt 00:00:14]} Qxg6 {[%clk 00:07:16]} {[%emt
00:00:09]} 21. O-O-O {[%clk 00:04:58]} {[%emt 00:00:27]} Be7 {[%clk 00:05:12]}
{[%emt 00:02:09]} 22. f5 {[%clk 00:04:40]} {[%emt 00:00:23]} Bg5+ {[%clk
00:04:53]} {[%emt 00:00:24]} 23. Kb1 {[%clk 00:04:13]} {[%emt 00:00:31]} Qg7
{[%clk 00:03:43]} {[%emt 00:01:15]} 24. Ne4 {[%clk 00:03:23]} {[%emt 00:00:56]}
Bxh4 {[%clk 00:02:13]} {[%emt 00:01:35]} 25. Nd6+ {[%clk 00:02:58]} {[%emt
00:00:29]} Ke7 {[%emt 00:00:36]} 26. Rxh4 {[%clk 00:02:58]} {[%emt 00:00:05]}
Qf6 {[%clk 00:00:53]} {[%emt 00:00:22]} 27. Rhh1 Rac8 {[%clk 00:00:51]} {[%emt
00:01:08]} 28. Qe4 {[%clk 00:02:29]} Rc7 {[%clk 00:00:47]} 29. Qxc4 Ne5 {[%clk
00:00:40]} {[%emt 00:00:15]} 30. Qe4 b6 {[%clk 00:00:28]} {[%emt 00:00:14]} 31.
Nb5 {[%clk 00:02:20]} 1-0